Statistics for Most-Visited Swiss Cities/Towns

Click here to take the quiz!

General Stats

  • This quiz has been taken 223 times
  • The average score is 8 of 10

Answer Stats

# of StaysCity / Town% Correct
1.9 mCityGeneva
99%
2.5 mCityZürich
99%
0.7 mCityBern
95%
1.0 mCityBasel
93%
0.7 mCityLausanne
91%
1.0 mCityLuzern
82%
1.3 mTownZermatt
63%
0.6 mTownInterlaken
60%
0.8 mTownSt. Moritz
59%
0.9 mTownDavos
58%

Score Distribution

Percentile by Number Answered

Percent of People with Each Score

Your Score History

You have not taken this quiz